Municipios de Colima en un mapa - Estadísticas

Estadísticas generales
  • Esta prueba ha sido intentada 9 veces
  • La puntuación promedio es 6 de 10
Respuestas en el mapa
Las respuestas están codificadas por una escala verde-roja en el mapa de la prueba según el % correcto abajo.
 
Estadísticas de respuestas
Municipios % Correcto
Colima
100%
Manzanillo
100%
Villa de Álvarez
75%
Armería
50%
Comala
50%
Ixtlahuacán
50%
Tecomán
50%
Coquimatlán
25%
Cuauhtémoc
25%
Minatitlán
25%
No se encontraron pruebas coincidentes
Distribución de puntuación
Porcentaje de gente con cada puntuación
Porcentaje por número respondido
Historial de tus puntuaciones
No has intentado esta prueba.